MARC details
| 000 - LÍDER |
| campo de control de longitud fija |
01169nam a2200253Ia 4500 |
| 008 - ELEMENTOS DE DATOS DE LONGITUD FIJA - INFORMACIÓN GENERAL |
| campo de control de longitud fija |
0000002011 sp ad 0000000000mul00 |
| 020 ## - INTERNATIONAL STANDARD BOOK NUMBER |
| International Standard Book Number |
9788475069951 |
| 090 ## - NÚMERO DE LLAMADA DE TIPO LC LOCALMENTE ASIGNADO (OCLC) |
| Número de clasificación (OCLC) (R) |
PUS00 G67r |
| 100 1# - ENTRADA PRINCIPAL - NOMBRE PERSONAL |
| Nombre de la persona |
Gorchov, Ron |
| Fechas asociadas a un nombre |
1930 |
| 245 10 - TÍTULO DECLARACIÓN |
| Título |
Ron Gorchov, donde se oculta el alma = where the soul hides |
| Declaración de responsabilidad |
/ textos Phong Bui ...[et al.] ; fotografías Teresa Arozena ...[et. al.] |
| 260 ## - PUBLICACIÓN, DISTRIBUCIÓN |
| Lugar de publicación |
Gran Canaria : Centro Atlántico de Arte Moderno |
| Fecha de publicación |
2011 |
| 300 ## - DESCRIPCIÓN FÍSICA |
| Alcance |
193 p. |
| Dimensiones |
/ 28 cm. |
| 505 ## - NOTA DE CONTENIDO FORMATEADA |
| Nota sobre el contenido formateado |
TEXTOS ESCRITOS POR: Phong Bui Dionisio Cañas Remo Guidieri Santiago Olmo Kevin Power Ray Smith Robert Storr Omar Pascual Castillo |
| 600 00 - ENTRADA DE SUJETO AÑADIDO - NOMBRE PERSONAL |
| Nombre de la persona |
GORCHOV, RON,. 1930/ |
| Subdivisión general |
TRABAJOS PICTORICOS |
| 650 14 - ENTRADA DE SUJETO AÑADIDO - TÉRMINO TÓPICO |
| Término tópico o elemento de entrada del nombre geográfico |
PINTURA ABSTRACTA ESTADOUNIDENSE |
| 650 14 - ENTRADA DE SUJETO AÑADIDO - TÉRMINO TÓPICO |
| Subdivisión general |
CATALOGOS |
| 650 14 - ENTRADA DE SUJETO AÑADIDO - TÉRMINO TÓPICO |
| Término tópico o elemento de entrada del nombre geográfico |
HISTORIA Y CRITICA |
| 650 14 - ENTRADA DE SUJETO AÑADIDO - TÉRMINO TÓPICO |
| Término tópico o elemento de entrada del nombre geográfico |
PINTORES ESTADOUNIDENSES |
| 650 14 - ENTRADA DE SUJETO AÑADIDO - TÉRMINO TÓPICO |
| Término tópico o elemento de entrada del nombre geográfico |
PINTORES ESTADOUNIDENSES BIOGRAFIAS |
| 650 14 - ENTRADA DE SUJETO AÑADIDO - TÉRMINO TÓPICO |
| Término tópico o elemento de entrada del nombre geográfico |
PINTURA ABSTRACTA ESTADOUNIDENSE |
| 650 14 - ENTRADA DE SUJETO AÑADIDO - TÉRMINO TÓPICO |
| Término tópico o elemento de entrada del nombre geográfico |
PINTURA ESTADOUNIDENSE |
| 650 14 - ENTRADA DE SUJETO AÑADIDO - TÉRMINO TÓPICO |
| Término tópico o elemento de entrada del nombre geográfico |
SIGLO XX |
| 700 1# - ENTRADA AGREGADA - NOMBRE PERSONAL |
| Nombre de la persona |
Cañas, Dionisio \ Smith, Ray, 1959 \ Olmo, Santiago \ Bui, Phong \ Guideri, Remo \ \ Power, Kevin \ Storr, Robert \ Castillo, Omar Pascual |